Týká se vás MiFID?

Rozsah služieb a finančných inštrumentov na ktoré sa smernica o trhoch finančných inštrumentov vzťahuje. Spoločnosti spadajúce do pôsobenia smernice MiFID. Doplnkové služby regulované smernicou MiFID. Možný nárast dodatočných nákladov spôsobený reguláciou v rozsahu MiFID.

Gespeichert in:
Bibliographische Detailangaben
1. Verfasser: Jennings, Mike
Format: Buchkapitel
Sprache:Tschechisch
Schlagworte:
Tags: Tag hinzufügen
Keine Tags, Fügen Sie das erste Tag hinzu!

MARC

LEADER 00000naa$a2200000$$$4500
001 0052002
005 20231010085954.4
041 0 |a cze 
044 |a CZ 
245 1 0 |a Týká se vás MiFID?  |c Mike Jennings 
520 |a Rozsah služieb a finančných inštrumentov na ktoré sa smernica o trhoch finančných inštrumentov vzťahuje. Spoločnosti spadajúce do pôsobenia smernice MiFID. Doplnkové služby regulované smernicou MiFID. Možný nárast dodatočných nákladov spôsobený reguláciou v rozsahu MiFID. 
610 2 0 |a náklady 
610 2 0 |a služby doplnkové 
610 2 0 |a služby investičné 
610 2 0 |a smernice organizačné 
610 2 0 |a nástroje finančné 
610 2 0 |a trh finančný 
610 2 0 |a služby finančné 
100 1 |a Jennings, Mike